000 00831nas a2200253 4500
001 BR9102521
003 BR-BrBNA
005 20231205092019.0
007 ta
008 230509b bl.|||p| |||| 00| 00por d
040 _aBR-BrBNA
_bpor
_cBiblioteca Nacional de Agricultura
041 _a(Pt)
072 _aL72
100 1 _aBraga, R.M.
100 1 _aGirardi, J.L.
245 1 _aPopulacao de larvas de helmintos infestantes de ovinos em pastagem nativa de Roraima
246 1 _aLarvae population of helminths infesting lambs grown on native pasture in Roraima, Brazil
650 _aOVINO
650 _aHELMINTO
650 _aRORAIMA
773 0 _tPesquisa Agropecuaria Brasileira (Brazil)
_xISSN 0100-204X
_g(Apr 1991), v. 26(4) p. 569-574
_wBR9102521
909 _a202311
_bLúcia
_c55
_dLúcia Elande
942 _2AGRIS
_n0
_cANA
999 _c128705
_d128705